000 01016nam a2200313 i 4500
003 EG-GICUC
005 20260405160820.0
008 260405s1947 fr ab |fr|||| 001 0 fre d
040 _aEG-GiCUC
_bfre
_cEG-GiCUC
_dEG-GiCUC
_erda
041 0 _afre
082 0 4 _221
_a341.48
_bGO . T
092 0 4 _221
099 _aLaw1 11 341.48 GO . T 1947
100 1 _aGourou, Pierre
_eAuteur
245 1 2 _aLa Terre Et L'homme En Extrême-orient :
_cPar Pierre Gourou.
264 1 _aParis :
_bLibrairie Armand Colin,
_c1947.
300 _a224, 12 pages,
_c15 cm
_b
336 _2rda content
_atext
337 _2rda media
_aComputer
338 _2rda carrier
_aOnline Resource
490 _aColarction Armand Colin
500 _aPostinha De Bres 20 Figures Et Carles
504 _aComprend des références bibliographiques.
546 _aTexte en français
650 1 4 _aDroit international public
856 4 0 _uhttps://fll.law.cu.edu.eg/fulltext/bks/B11-08850.pdf
905 _a48
942 _2ddc
_cBK
_e21
_n0
999 _c69013
_d69013